| 000 | 00442nam a2200169Ia 4500 | ||
|---|---|---|---|
| 008 | 220531s9999 xx 000 0 und d | ||
| 041 | _amar | ||
| 100 |
_aखतीब के.ए. _960574 |
||
| 245 | _aमहाराष्ट्राचा भूगोल | ||
| 250 | _a4 | ||
| 260 |
_aPune _bKsagar _c2011 |
||
| 300 | _a615 | ||
| 542 | _d10-11-2011 | ||
| 650 |
_aGeography _960575 |
||
| 906 | _d2011-2012 | ||
| 999 |
_c34600 _d34600 |
||